Psiquiatría dinámica /

Libro propedéutico a la psiquiatría dinámica y explicativa, resultado del impacto de la teoría, el método, la investigación y la terapia psicoanalíticos, sobre la psiquiatría descriptiva y puramente médica, en su conjunto.

Spremljeno u:
Bibliografski detalji
Glavni autor: Alexander, Franz (coord.)
Daljnji autori: Ross, Helen (coordinación) (coordinación)
Format: Knjiga
Jezik:španjolski
Izdano: Buenos Aires, Argentina : Paidós, 1971
Izdanje:3a edición
Serija:(Psiquiatría, Psicopatología y Psicosomática)
Teme:
Oznake: Dodaj oznaku
Bez oznaka, Budi prvi tko označuje ovaj zapis!

MARC

LEADER 00000nam^a2200000^a^4500
001 000001478
005 20250521000000.0
009 20260310083108.476
037 |a Acervo ITESO - Biblioteca 
041 |a ESP 
082 |a 616. 89  |b ALE 
100 |a Alexander, Franz  |e (coord.) 
245 1 0 |a Psiquiatría dinámica /  |c Coord. de F. Alexander, H. Ross ; tr. por Blas A. Sosa, Luis Fabricant. 
250 |a 3a edición 
264 1 |a Buenos Aires, Argentina :  |b Paidós,  |c 1971 
300 |a 474 p. 
336 |a texto  |b txt  |2 rdacontenido 
337 |a sin mediación  |b n  |2 rdamedio 
338 |a volumen  |b nc  |2 rdasoporte 
440 1 |a (Psiquiatría, Psicopatología y Psicosomática) 
500 |a Traducción de: Dynamic Psychiatry 
520 |a Libro propedéutico a la psiquiatría dinámica y explicativa, resultado del impacto de la teoría, el método, la investigación y la terapia psicoanalíticos, sobre la psiquiatría descriptiva y puramente médica, en su conjunto. 
649 |a XX 
650 |a Psiquiatría 
650 |a Psicología Clínica 
650 |a Psicoterapia 
700 |a Ross, Helen  |e (coordinación) 
910 |a Fondo General 
920 |a Impresos - Libros 
930 |a Colección General 
905 |a 101 
901 |a 0014780100  |b IT1  |c ACC  |i 001478  |u 20250521 
902 |a https://opac.biblio.iteso.mx/vufind/Record/000001478